[Event "ENG-ch Seniors 50"]
[Site "Kenilworth"]
[Date "2025.04.27"]
[Round "5"]
[White "Staples, Daniel J"]
[Black "Hill, Andy"]
[Result "1/2-1/2"]
[WhiteElo "1952"]
[BlackElo "1996"]
[PlyCount "146"]
[EventDate "2025.04.24"]
[EventType "swiss"]
[EventRounds "7"]
[EventCountry "ENG"]
[SourceTitle "CB18_2025"]
[SourceDate "2025.04.30"]
[SourceVersion "1"]
[SourceVersionDate "2025.04.30"]
[SourceQuality "1"]

1. d4 Nf6 2. Nf3 g6 3. c4 Bg7 4. Nc3 0-0 5. e4 d6 6. Be2 Nbd7 7. 0-0 e5 8. d5 Nc5 9. Qc2 a5 10. Bg5 h6 11. Be3 Nfd7 12. Nd2 f5 13. exf5 gxf5 14. f3 Nf6 15. a3 a4 16. Bxc5 dxc5 17. Nxa4 Qe7 18. Nc3 Bd7 19. Kh1 b6 20. g3 Kh8 21. Rad1 Rae8 22. Rfe1 h5 23. Bd3 Ng8 24. Nf1 Qf6 25. Be2 h4 26. Kg2 e4 27. f4 Qg6 28. Qd2 Bd4 29. Ne3 Rf7 30. Rh1 Rg7 31. Rdg1 Nh6 32. Kf1 Reg8 33. Rg2 Qf6 34. Rhg1 Rg6 35. Ncd1 R6g7 36. Bh5 h3 37. Rf2 Nf7 38. Ke1 Nd6 39. Be2 Ra8 40. Qc2 Rb8 41. a4 c6 42. b3 cxd5 43. Nxd5 Bxf2+ 44. Kxf2 Qd4+ 45. N1e3 Rf7 46. Rd1 Qg7 47. Qc3 Nc8 48. Bh5 Qxc3 49. Nxc3 Rg7 50. Rd5 Na7 51. Rd6 Nc6 52. Ncd5 Nd4 53. Bd1 Bc6 54. Rh6+ Rh7 55. Rf6 Kg7 56. Nxf5+ Nxf5 57. Rxf5 Rh6 58. Rg5+ Kh8 59. Bc2 Re8 60. Ke3 Bxd5 61. Rxd5 Kg7 62. g4 Rh4 63. Rg5+ Kf7 64. Bxe4 Rh6 65. Kf3 Kf8 66. Rf5+ Kg7 67. g5 Rd6 68. Bd5 Re1 69. Kg4 Rg1+ 70. Kxh3 Rd8 71. Rf7+ Kg6 72. Rf6+ Kg7 73. Rf7+ Kh8 1/2-1/2

[Event "ENG-ch Seniors 50"]
[Site "Kenilworth"]
[Date "2025.04.26"]
[Round "4"]
[White "Burrows, Martin P"]
[Black "Staples, Daniel J"]
[Result "1/2-1/2"]
[WhiteElo "2026"]
[BlackElo "1952"]
[PlyCount "41"]
[EventDate "2025.04.24"]
[EventType "swiss"]
[EventRounds "7"]
[EventCountry "ENG"]
[SourceTitle "CB18_2025"]
[SourceDate "2025.04.30"]
[SourceVersion "1"]
[SourceVersionDate "2025.04.30"]
[SourceQuality "1"]

1. e4 e6 2. d4 d5 3. e5 c5 4. c3 Nc6 5. Nf3 Nge7 6. a3 Nf5 7. b4 cxd4 8. cxd4 Bd7 9. Bb2 b5 10. Bd3 Nh4 11. 0-0 Nxf3+ 12. Qxf3 a5 13. Qe2 Qb8 14. Nd2 axb4 15. axb4 Bxb4 16. Nf3 Be7 17. Rxa8 Qxa8 18. Bxb5 0-0 19. Ra1 Qb7 20. Bd3 Ra8 21. Rxa8+ 1/2-1/2

[Event "Hull 4NCL op"]
[Site "Hull"]
[Date "2019.11.02"]
[Round "2"]
[White "Burnett, Jim"]
[Black "Staples, Daniel J"]
[Result "1-0"]
[WhiteElo "2037"]
[BlackElo "1983"]
[PlyCount "92"]
[EventDate "2019.11.01"]
[EventType "swiss"]
[EventRounds "5"]
[EventCountry "ENG"]
[SourceTitle "CBM 192 Extra"]
[Source "Chessbase"]
[SourceDate "2019.11.06"]
[SourceVersion "1"]
[SourceVersionDate "2019.11.06"]
[SourceQuality "1"]

1. d4 Nf6 2. c4 e6 3. Nf3 d5 4. Nc3 c6 5. Bg5 Be7 6. e3 Nbd7 7. Rc1 Nf8 8. Bd3 Ng6 9. 0-0 0-0 10. Qc2 dxc4 11. Bxc4 Nd5 12. Bxe7 Qxe7 13. Rfd1 Nxc3 14. Qxc3 b6 15. Bd3 Bb7 16. b4 a5 17. bxa5 Rxa5 18. Qb3 b5 19. Rc5 Rfa8 20. Bb1 f6 21. Rdc1 Nf8 22. Qc2 g6 23. Qe4 Nd7 24. R5c2 Nb6 25. Nd2 c5 26. Qh4 c4 27. e4 Re8 28. Nf3 b4 29. Re2 Ba6 30. e5 f5 31. Qg3 Nd5 32. h4 Kh8 33. Ne1 Ra3 34. f3 Rd8 35. Qf2 Rc3 36. Rd1 Bb5 37. Rb2 Ba4 38. Bc2 Ra8 39. Bxa4 Rxa4 40. Rdb1 Qa7 41. Qd2 f4 42. Rxb4 Rxa2 43. Rb8+ Kg7 44. R1b7+ Kh6 45. Rxa7 Rxd2 46. Rbb7 g5 1-0

[Event "Telford 4NCL op 22nd"]
[Site "Telford"]
[Date "2019.07.21"]
[Round "5"]
[White "Modi, Kishan Jagdish"]
[Black "Staples, Daniel J"]
[Result "1-0"]
[WhiteElo "1923"]
[BlackElo "1992"]
[PlyCount "53"]
[EventDate "2019.07.19"]
[EventType "swiss"]
[EventRounds "5"]
[EventCountry "ENG"]
[SourceTitle "EXT 2020"]
[Source "ChessBase"]
[SourceDate "2019.10.17"]
[SourceVersion "1"]
[SourceVersionDate "2019.10.17"]
[SourceQuality "1"]

1. e4 e6 2. d4 d5 3. Nc3 Nf6 4. e5 Nfd7 5. f4 c5 6. Nf3 Nc6 7. Be3 a6 8. Qd2 b5 9. dxc5 Bxc5 10. Bd3 d4 11. Nxd4 Bxd4 12. Bxd4 Nxd4 13. Be4 Nxc2+ 14. Qxc2 Ra7 15. 0-0 Qb6+ 16. Kh1 Bb7 17. Rad1 b4 18. Ne2 Bxe4 19. Qxe4 0-0 20. Rd6 Qa5 21. Rfd1 Nc5 22. Qd4 Rc7 23. Ng3 g6 24. h4 Nb7 25. Ne4 f5 26. Nf6+ Kh8 27. Rxe6 1-0

[Event "Telford 4NCL op 22nd"]
[Site "Telford"]
[Date "2019.07.20"]
[Round "2"]
[White "Staples, Daniel J"]
[Black "Herring, Samuel"]
[Result "1-0"]
[WhiteElo "1992"]
[BlackElo "1931"]
[PlyCount "135"]
[EventDate "2019.07.19"]
[EventType "swiss"]
[EventRounds "5"]
[EventCountry "ENG"]
[SourceTitle "EXT 2020"]
[Source "ChessBase"]
[SourceDate "2019.10.17"]
[SourceVersion "1"]
[SourceVersionDate "2019.10.17"]
[SourceQuality "1"]

1. d4 Nf6 2. Nf3 g6 3. e3 Bg7 4. Be2 0-0 5. 0-0 c5 6. c4 cxd4 7. exd4 d5 8. c5 Nc6 9. Bb5 Bg4 10. Be3 Ne4 11. Bxc6 bxc6 12. Qa4 Bxf3 13. gxf3 Nxc5 14. Qxc6 Rc8 15. Qb5 Ne6 16. Rd1 Qd6 17. Nc3 Rfd8 18. Qa4 a6 19. Ne2 f5 20. Rac1 f4 21. Bd2 g5 22. Bb4 Qb8 23. Bxe7 Rxc1 24. Nxc1 Rc8 25. Qd7 Nxd4 26. Qxd5+ Kh8 27. Nb3 Nxb3 28. axb3 h6 29. Qf5 Rg8 30. Bf6 Qb6 31. Bc3 Bxc3 32. bxc3 Qg6 33. Qe5+ Qg7 34. Qe6 Qg6 35. Rd6 Qxe6 36. Rxe6 Rc8 37. c4 Rb8 38. Rxh6+ Kg7 39. Rxa6 Rxb3 40. Kg2 Rc3 41. Rc6 Kf7 42. Rc8 Ke7 43. Rc7+ Kd6 44. Rc8 Kd7 45. Rc5 Kd6 46. Rxg5 Rxc4 47. Kh3 Ke6 48. Kg4 Rc2 49. Kxf4 Rxf2 50. h4 Kf6 51. Ra5 Rb2 52. Ra6+ Kg7 53. Kg4 Rb5 54. f4 Rc5 55. h5 Rb5 56. h6+ Kh7 57. f5 Rb1 58. Rg6 Rg1+ 59. Kh5 Rh1+ 60. Kg5 Rg1+ 61. Kf6 Re1 62. Kf7 Re5 63. Kf6 Re1 64. Rg7+ Kh8 65. Re7 Rg1 66. Kf7 Rg8 67. Re8 Kh7 68. Rxg8 1-0

[Event "GBR-ch 105th Weekend op"]
[Site "Hull"]
[Date "2018.07.28"]
[Round "3"]
[White "Staples, Daniel J"]
[Black "Portman, Carl S"]
[Result "1-0"]
[WhiteElo "1981"]
[BlackElo "1886"]
[PlyCount "61"]
[EventDate "2018.07.27"]
[EventType "swiss"]
[EventRounds "5"]
[EventCountry "ENG"]
[SourceTitle "EXT 2019"]
[Source "ChessBase"]
[SourceDate "2018.10.10"]
[SourceVersion "1"]
[SourceVersionDate "2018.10.10"]
[SourceQuality "1"]

1. d4 d5 2. Nf3 Nf6 3. e3 c6 4. Nbd2 Bf5 5. Ne5 Nbd7 6. g4 Bg6 7. h4 h6 8. Nxg6 fxg6 9. Bd3 Qc7 10. Bxg6+ Kd8 11. f4 e6 12. Qf3 Be7 13. Qg3 Nf8 14. Bd3 Bd6 15. Nf3 Qe7 16. Bd2 Kc7 17. Ne5 Rc8 18. c3 Kb8 19. Ke2 h5 20. g5 Bxe5 21. fxe5 N6d7 22. g6 Nb6 23. Raf1 Rc7 24. Rf7 Qd8 25. Rhf1 Rxf7 26. gxf7 g6 27. Bxg6 Nbd7 28. Bd3 Nb6 29. Qg7 Nfd7 30. e4 Qf8 31. Rg1 1-0

[Event "London Classic op U2050 9th"]
[Site "London"]
[Date "2017.12.06"]
[Round "3"]
[White "Staples, Daniel J"]
[Black "Jacob, Sydney J"]
[Result "1-0"]
[WhiteElo "1997"]
[BlackElo "1829"]
[PlyCount "117"]
[EventDate "2017.12.04"]
[EventType "swiss"]
[EventRounds "5"]
[EventCountry "ENG"]
[SourceTitle "CBM 182 Extra"]
[Source "ChessBase"]
[SourceDate "2018.02.23"]
[SourceVersion "1"]
[SourceVersionDate "2018.02.23"]
[SourceQuality "1"]

1. d4 g6 2. Nf3 Bg7 3. e3 d5 4. b4 Nf6 5. Bb2 0-0 6. Nbd2 c6 7. c4 Nbd7 8. Be2 dxc4 9. Nxc4 Nb6 10. Nce5 Nfd7 11. Nd3 Nf6 12. Nc5 Nbd7 13. Nb3 Qb6 14. a3 e5 15. Nxe5 Nxe5 16. dxe5 Nd7 17. Bd4 Qc7 18. f4 Nb6 19. 0-0 f6 20. exf6 Bxf6 21. Bxf6 Rxf6 22. Bf3 Be6 23. Nc5 Rd8 24. Nxe6 Rxe6 25. Qb3 Qf7 26. e4 Red6 27. Qxf7+ Kxf7 28. Rfd1 Nc4 29. Rxd6 Rxd6 30. Be2 Rd4 31. Bf3 Rd3 32. a4 Rb3 33. b5 cxb5 34. axb5 Na3 35. e5 Ke7 36. Bxb7 Rxb5 37. Rxa3 Rxb7 38. Ra6 Kf7 39. Kf2 Re7 40. Kf3 h5 41. Ke4 Rb7 42. Kf3 Kg7 43. Kg3 Rf7 44. Ra4 Kh6 45. h4 Kg7 46. Kf3 Rb7 47. Ra3 Kf7 48. g4 Ke6 49. Ra6+ Kd5 50. Rd6+ Kc5 51. Rxg6 Rb3+ 52. Ke4 hxg4 53. Rxg4 a5 54. Rg8 a4 55. Ra8 a3 56. Kf5 Kb4 57. e6 Re3 58. Kf6 Kb3 59. f5 1-0

[Event "London Classic op 7th"]
[Site "London"]
[Date "2015.12.10"]
[Round "8"]
[White "Murphy, Hugh W"]
[Black "Staples, Daniel J"]
[Result "1-0"]
[WhiteElo "2168"]
[BlackElo "1994"]
[PlyCount "45"]
[EventDate "2015.12.04"]
[EventType "swiss"]
[EventRounds "9"]
[EventCountry "ENG"]
[SourceTitle "CBM 169 Extra"]
[Source "ChessBase"]
[SourceDate "2015.12.18"]
[SourceVersion "1"]
[SourceVersionDate "2015.12.18"]
[SourceQuality "1"]

1. d4 Nf6 2. Nf3 e6 3. e3 g6 4. Bd3 Bg7 5. e4 d6 6. 0-0 h6 7. Re1 0-0 8. c3 Nbd7 9. Nbd2 b6 10. a4 Bb7 11. a5 a6 12. axb6 cxb6 13. Nc4 Qe7 14. b3 b5 15. Na5 Nb6 16. Ba3 Rfd8 17. e5 Ne8 18. exd6 Qd7 19. Ne5 Qc8 20. c4 Nxd6 21. c5 Nf5 22. Bxf5 exf5 23. c6 1-0

[Event "London Classic op 7th"]
[Site "London"]
[Date "2015.12.04"]
[Round "1"]
[White "Staples, Daniel J"]
[Black "Kiik, Kalle"]
[Result "0-1"]
[WhiteElo "1994"]
[BlackElo "2382"]
[PlyCount "66"]
[EventDate "2015.12.04"]
[EventType "swiss"]
[EventRounds "9"]
[EventCountry "ENG"]
[SourceTitle "CBM 169 Extra"]
[Source "ChessBase"]
[SourceDate "2015.12.18"]
[SourceVersion "1"]
[SourceVersionDate "2015.12.18"]
[SourceQuality "1"]

1. d4 d5 2. Nf3 c5 3. e3 Nc6 4. Nbd2 Nf6 5. c3 Bg4 6. Be2 e6 7. Ne5 Bxe2 8. Qxe2 Nxe5 9. dxe5 Nd7 10. f4 Be7 11. 0-0 0-0 12. b3 f6 13. exf6 Bxf6 14. Bb2 Qa5 15. Qd3 b5 16. e4 c4 17. Qh3 Qb6+ 18. Kh1 Rf7 19. Ba3 cxb3 20. axb3 Rc8 21. e5 Be7 22. Bxe7 Rxe7 23. Qd3 a5 24. Rfc1 Nc5 25. Qd4 Qd8 26. g3 h6 27. b4 Na4 28. Nb3 Rc4 29. Qd2 d4 30. cxd4 Rxb4 31. Nc5 Rxd4 32. Qa2 Rd2 33. Qb1 Nxc5 0-1

[Event "Sunningdale e2e4 U2200 op 04"]
[Site "Sunningdale"]
[Date "2014.04.20"]
[Round "7"]
[White "Staples, Daniel J"]
[Black "Boni, Carl"]
[Result "1-0"]
[WhiteElo "1970"]
[BlackElo "1850"]
[PlyCount "69"]
[EventDate "2014.04.17"]
[EventType "swiss"]
[EventRounds "7"]
[EventCountry "ENG"]
[SourceTitle "EXT 2015"]
[Source "ChessBase"]
[SourceDate "2014.11.20"]
[SourceVersion "1"]
[SourceVersionDate "2014.11.20"]
[SourceQuality "1"]

1. d4 Nf6 2. Nf3 d5 3. c4 c6 4. cxd5 cxd5 5. Nc3 e6 6. Bg5 Be7 7. e3 Nc6 8. Bd3 Bd7 9. 0-0 a6 10. Ne5 Nxe5 11. dxe5 Ng8 12. Bf4 f5 13. g4 g6 14. gxf5 exf5 15. Bc2 Bc6 16. Bb3 Qa5 17. Bxd5 0-0-0 18. Be6+ Kb8 19. Qb3 g5 20. Bg3 Nh6 21. Rad1 Rhf8 22. Bd5 Bxd5 23. Nxd5 Rde8 24. e6+ f4 25. exf4 Nf5 26. Nxe7 Rxe7 27. fxg5+ Nxg3 28. hxg3 Qxg5 29. Rd7 Rxd7 30. exd7 h5 31. Qe3 Qd8 32. Rd1 h4 33. Qh6 Rg8 34. Qe6 Rh8 35. Qe5+ 1-0

[Event "Sunningdale e2e4 U2200 op 04"]
[Site "Sunningdale"]
[Date "2014.04.18"]
[Round "3"]
[White "Staples, Daniel J"]
[Black "Taylor, Dale C"]
[Result "1-0"]
[WhiteElo "1970"]
[BlackElo "1942"]
[PlyCount "82"]
[EventDate "2014.04.17"]
[EventType "swiss"]
[EventRounds "7"]
[EventCountry "ENG"]
[SourceTitle "EXT 2015"]
[Source "ChessBase"]
[SourceDate "2014.11.20"]
[SourceVersion "1"]
[SourceVersionDate "2014.11.20"]
[SourceQuality "1"]

1. d4 Nf6 2. Nf3 e6 3. Bg5 d5 4. Nbd2 Be7 5. e3 Nbd7 6. Bd3 h6 7. Bh4 0-0 8. 0-0 b6 9. Qe2 Bb7 10. c3 Ne4 11. Bxe7 Qxe7 12. Ne5 Nxd2 13. Qxd2 Nxe5 14. dxe5 f5 15. f4 c5 16. c4 Rad8 17. Qe2 d4 18. e4 fxe4 19. Bxe4 Bxe4 20. Qxe4 d3 21. b3 Rd4 22. Qe3 Qf7 23. g3 Qf5 24. Rad1 h5 25. Rd2 g5 26. Rdf2 g4 27. Re1 Rfd8 28. Qd2 R8d7 29. Re3 Kg7 30. Rf1 a6 31. Rc1 h4 32. Kg2 h3+ 33. Kf2 Kg6 34. Ke1 Re4 35. Kd1 Kh5 36. Rb1 Rdd4 37. Rb2 Rxe3 38. Qxe3 Re4 39. Qf2 Rd4 40. Qe3 Re4 41. Qf2 Rxe5 1-0

[Event "BCF-chT3 1112 (4NCL)"]
[Site "England"]
[Date "2012.05.07"]
[Round "11.67"]
[White "Dargan, Paul AG"]
[Black "Staples, Daniel J"]
[Result "1-0"]
[WhiteElo "2137"]
[BlackElo "2000"]
[PlyCount "45"]
[EventDate "2011.11.12"]
[EventType "team-swiss"]
[EventRounds "11"]
[EventCountry "ENG"]
[SourceTitle "EXT 2013"]
[Source "ChessBase"]
[SourceDate "2012.11.22"]
[SourceVersion "1"]
[SourceVersionDate "2012.11.22"]
[SourceQuality "1"]
[WhiteTeam "North East England"]
[BlackTeam "AMCA Rhinos"]
[WhiteTeamCountry "ENG"]
[BlackTeamCountry "ENG"]

1. e4 c6 2. d4 d5 3. exd5 cxd5 4. Bd3 Nc6 5. c3 Nf6 6. Bf4 g6 7. Nf3 Bg7 8. 0-0 Bf5 9. Re1 Bxd3 10. Qxd3 Qb6 11. Nbd2 0-0 12. h3 Nh5 13. Bh2 Bh6 14. Nb3 Nf4 15. Qf1 Ne6 16. Rab1 a5 17. Nc1 a4 18. Nd3 Qa5 19. a3 Qa6 20. Nfe5 Rfe8 21. Nxf7 Kxf7 22. Rxe6 Qc4 23. Rxc6 1-0

[Event "BCF-chT3 1112 (4NCL)"]
[Site "England"]
[Date "2012.05.06"]
[Round "10.60"]
[White "Bayliss, Lyall CP"]
[Black "Staples, Daniel J"]
[Result "0-1"]
[WhiteElo "1937"]
[BlackElo "2000"]
[PlyCount "78"]
[EventDate "2011.11.12"]
[EventType "team-swiss"]
[EventRounds "11"]
[EventCountry "ENG"]
[SourceTitle "EXT 2013"]
[Source "ChessBase"]
[SourceDate "2012.11.22"]
[SourceVersion "1"]
[SourceVersionDate "2012.11.22"]
[SourceQuality "1"]
[WhiteTeam "KJCA Kings"]
[BlackTeam "AMCA Rhinos"]
[WhiteTeamCountry "ENG"]
[BlackTeamCountry "ENG"]

1. e4 c6 2. d4 d5 3. Nc3 dxe4 4. Nxe4 Nf6 5. Nxf6+ exf6 6. Nf3 Bd6 7. Bd3 0-0 8. 0-0 Qc7 9. h3 Re8 10. Re1 Be6 11. Nd2 Be7 12. Qh5 g6 13. Qh6 Bf8 14. Qh4 Nd7 15. Ne4 Qd8 16. Bh6 Be7 17. Bf4 Bd5 18. Nd6 Bxd6 19. Bxd6 Qa5 20. f4 Bxg2 21. Rxe8+ Rxe8 22. Qg4 Bd5 23. c3 Qd8 24. f5 Nb6 25. Bc5 g5 26. b3 Re3 27. Bf1 Qb8 28. Kf2 Rxc3 29. Re1 Qh2+ 30. Bg2 Rc2+ 31. Re2 Rxe2+ 32. Kxe2 Qxg2+ 33. Qxg2 Bxg2 34. Bxb6 axb6 35. Ke3 Bxh3 36. d5 Bxf5 37. dxc6 bxc6 38. b4 b5 39. Kd4 g4 0-1

[Event "FICGS class A 000106 email"]
[Site "FICGS email"]
[Date "2011.09.08"]
[Round "1"]
[White "Staples, Daniel J"]
[Black "Riha, Josef"]
[Result "1/2-1/2"]
[WhiteElo "2014"]
[BlackElo "2032"]
[PlyCount "71"]
[EventDate "2011.??.??"]
[EventType "tourn (corr)"]
[EventRounds "1"]
[SourceTitle "Corr 2013"]
[Source "ChessBase"]
[SourceDate "2012.11.12"]
[SourceVersion "1"]
[SourceVersionDate "2012.11.12"]
[SourceQuality "1"]

1. e4 c5 2. c3 d5 3. exd5 Qxd5 4. Nf3 e6 5. d4 Nf6 6. Be3 cxd4 7. cxd4 Nc6 8. Nc3 Qd8 9. a3 Be7 10. Bd3 0-0 11. 0-0 b6 12. Qe2 Bb7 13. Rac1 Rc8 14. Rfd1 Bd6 15. Ne5 h6 16. Bb1 Bb8 17. Bf4 Ne7 18. f3 Nf5 19. Qf2 Nh5 20. Be3 Nxe3 21. Qxe3 Nf6 22. Bd3 a6 23. g3 Re8 24. Kg2 Re7 25. a4 Rec7 26. Qd2 Qf8 27. Qe2 Qb4 28. Rd2 a5 29. Bb5 h5 30. Qe3 Rd8 31. h3 Qe7 32. Rcc2 Rdc8 33. h4 Qb4 34. Qg5 Qd6 35. Be2 Qb4 36. Bb5 1/2-1/2

[Event "Gatwick e2e4 op-B"]
[Site "Gatwick"]
[Date "2011.06.19"]
[Round "4"]
[White "Head, Louise"]
[Black "Staples, Daniel J"]
[Result "1-0"]
[WhiteElo "1466"]
[BlackElo "1981"]
[PlyCount "81"]
[EventDate "2011.06.17"]
[EventType "swiss"]
[EventRounds "5"]
[EventCountry "ENG"]
[SourceTitle "EXT 2014"]
[Source "ChessBase"]
[SourceDate "2013.11.20"]
[SourceVersion "1"]
[SourceVersionDate "2013.11.20"]
[SourceQuality "1"]

1. d4 Nf6 2. Nf3 e6 3. c4 Bb4+ 4. Bd2 Bxd2+ 5. Nbxd2 c5 6. dxc5 Qa5 7. e3 Qxc5 8. Be2 0-0 9. 0-0 b6 10. a3 Bb7 11. b4 Qe7 12. Qb3 d6 13. Rfc1 Nbd7 14. a4 a6 15. a5 bxa5 16. Rxa5 Rfc8 17. Qb1 Rab8 18. Qa1 Qd8 19. c5 dxc5 20. bxc5 Qe7 21. Qa3 Ra8 22. Nd4 Nb8 23. Bf3 Bxf3 24. N2xf3 g6 25. c6 Qxa3 26. Rxa3 Kf8 27. Ne5 Ke7 28. f4 Nfd7 29. Rac3 Nxe5 30. fxe5 Rc7 31. Rb1 Nd7 32. Rb7 Kd8 33. Rxc7 Kxc7 34. cxd7+ Kxd7 35. Kf2 a5 36. Nb5 Rb8 37. Nd6 f6 38. Nc4 a4 39. exf6 Rb5 40. Rd3+ Rd5 41. Nb6+ 1-0

[Event "Sunningdale e2e4 Major op"]
[Site "Sunningdale"]
[Date "2011.05.28"]
[Round "3"]
[White "Staples, Daniel J"]
[Black "Kourtseva, Julie"]
[Result "1-0"]
[WhiteElo "1981"]
[BlackElo "1722"]
[PlyCount "201"]
[EventDate "2011.05.27"]
[EventType "swiss"]
[EventRounds "7"]
[EventCountry "ENG"]
[SourceTitle "EXT 2023"]
[Source "ChessBase"]
[SourceDate "2022.10.05"]
[SourceVersion "1"]
[SourceVersionDate "2022.10.05"]
[SourceQuality "1"]

1. e4 e6 2. d3 d5 3. Nd2 b6 4. exd5 exd5 5. Ngf3 Nf6 6. g3 Bb7 7. Bg2 Qe7+ 8. Kf1 Nc6 9. a4 Qd7 10. h4 Bd6 11. Bh3 Qd8 12. Kg2 0-0 13. Re1 Bc8 14. Ng1 Re8 15. Rxe8+ Qxe8 16. Ndf3 Bxh3+ 17. Nxh3 Qd7 18. Bg5 Ng4 19. Bf4 Re8 20. Bxd6 Qxd6 21. Qd2 Qd7 22. Nf4 Nf6 23. Re1 Ne7 24. b3 Ng6 25. Nxg6 hxg6 26. Rxe8+ Qxe8 27. Ng5 Qe7 28. Kf3 c5 29. Qf4 Nd7 30. Kg2 f6 31. Nf3 Ne5 32. d4 Nc6 33. dxc5 bxc5 34. Qd2 Qe4 35. Qe3 Qxe3 36. fxe3 Kf7 37. c3 a5 38. Nd2 Ke6 39. g4 f5 40. g5 Ke5 41. Kf3 d4 42. Nc4+ Kd5 43. Nb6+ Ke6 44. cxd4 cxd4 45. Kf4 d3 46. Nc4 Kd5 47. h5 gxh5 48. Kxf5 h4 49. Kf4 g6 50. Nd2 Ne5 51. b4 axb4 52. a5 Nc6 53. a6 h3 54. Kg3 b3 55. Kxh3 b2 56. Kg3 Kc5 57. Kf4 Kb4 58. e4 Kc3 59. Ke3 Ne5 60. Nb1+ Kc2 61. a7 Nc4+ 62. Kd4 Kxb1 63. a8Q Kc1 64. Kxd3 b1Q+ 65. Kxc4 Qc2+ 66. Kb5 Qb2+ 67. Kc6 Qc3+ 68. Kd7 Qg7+ 69. Ke6 Qc7 70. Qa3+ Kb1 71. Qd3+ Ka1 72. Qd1+ Kb2 73. Qd2+ Ka1 74. Qd4+ Kb1 75. Qd6 Qc4+ 76. Qd5 Qf1 77. Ke7 Qf4 78. Ke6 Kc1 79. Qe5 Qf3 80. Kd5 Qd3+ 81. Qd4 Qg3 82. Qf6 Qd3+ 83. Ke5 Qb5+ 84. Ke6 Qc4+ 85. Ke5 Qb5+ 86. Kf4 Qf1+ 87. Kg4 Qg2+ 88. Kf4 Qf1+ 89. Ke3 Qe1+ 90. Kd3 Qd1+ 91. Kc4 Qe2+ 92. Kc5 Qc2+ 93. Kd5 Qb3+ 94. Kc6 Qc4+ 95. Kd7 Qd3+ 96. Qd6 Qh3+ 97. Qe6 Qd3+ 98. Ke7 Qa3+ 99. Kf7 Qa7+ 100. Kxg6 Qe3 101. e5 1-0

[Event "BCF-chT3 1011 (4NCL)"]
[Site "England"]
[Date "2011.03.27"]
[Round "8.39"]
[White "Feavyour, John"]
[Black "Staples, Daniel J"]
[Result "1-0"]
[WhiteElo "2069"]
[BlackElo "1994"]
[PlyCount "85"]
[EventDate "2010.11.06"]
[EventType "team-swiss"]
[EventRounds "9"]
[EventCountry "ENG"]
[SourceTitle "EXT 2012"]
[Source "ChessBase"]
[SourceDate "2011.11.24"]
[SourceVersion "1"]
[SourceVersionDate "2011.11.24"]
[SourceQuality "1"]
[WhiteTeam "Iceni"]
[BlackTeam "AMCA Rhinos"]
[WhiteTeamCountry "ENG"]
[BlackTeamCountry "ENG"]

1. d4 d6 2. Nf3 c6 3. e4 Bg4 4. Be2 Nd7 5. 0-0 Ngf6 6. Nc3 e5 7. Be3 Be7 8. Qd2 0-0 9. Rad1 Qc7 10. h3 Bh5 11. g4 Bg6 12. Bd3 d5 13. dxe5 dxe4 14. exf6 Nxf6 15. g5 exf3 16. gxf6 Qc8 17. Kh2 Bd6+ 18. Bf4 Qc7 19. Bg3 Rad8 20. fxg7 Rfe8 21. Rg1 Re6 22. Rde1 Bxd3 23. cxd3 Rg6 24. Ne4 Bxg3+ 25. fxg3 Qb6 26. Rgf1 f5 27. Nf2 Qd4 28. Qc3 f4 29. g4 Qd6 30. Qe5 Qd4 31. Qxd4 Rxd4 32. Re4 Rgd6 33. Re8+ Kxg7 34. Re7+ Kg6 35. Rxb7 Re6 36. Kg1 Re2 37. Rc1 Rd6 38. Kf1 Ree6 39. Rb4 Kg5 40. Ne4+ Rxe4 41. dxe4 Rd2 42. Rb3 Rh2 43. Rc5+ 1-0

[Event "BCF-chT3 1011 (4NCL)"]
[Site "England"]
[Date "2011.03.26"]
[Round "7.39"]
[White "Staples, Daniel J"]
[Black "Flynn, David"]
[Result "1-0"]
[WhiteElo "1994"]
[BlackElo "2037"]
[PlyCount "123"]
[EventDate "2010.11.06"]
[EventType "team-swiss"]
[EventRounds "9"]
[EventCountry "ENG"]
[SourceTitle "EXT 2012"]
[Source "ChessBase"]
[SourceDate "2011.11.24"]
[SourceVersion "1"]
[SourceVersionDate "2011.11.24"]
[SourceQuality "1"]
[WhiteTeam "AMCA Rhinos"]
[BlackTeam "e2e4.org.uk III"]
[WhiteTeamCountry "ENG"]
[BlackTeamCountry "ENG"]

1. e4 c5 2. Nf3 d6 3. c3 Nf6 4. g3 g6 5. Bg2 Bg7 6. 0-0 0-0 7. Re1 Nc6 8. Na3 d5 9. e5 Ng4 10. d4 cxd4 11. cxd4 Qb6 12. h3 Nh6 13. Qb3 Qxb3 14. axb3 Nf5 15. Nb5 Be6 16. g4 Nh6 17. Nc7 Rac8 18. Nxe6 fxe6 19. Be3 Nf7 20. Rec1 a6 21. h4 Na7 22. Ne1 Rxc1 23. Rxc1 Rc8 24. Rxc8+ Nxc8 25. Nd3 Na7 26. Kf1 Nb5 27. Nc5 Nd8 28. Ke2 a5 29. Bf1 Kf7 30. Kf3 Na7 31. Bd2 Ndc6 32. Ke3 b6 33. Nd7 Nc8 34. Ba6 N6a7 35. Nb8 Ke8 36. b4 axb4 37. Bxc8 Nxc8 38. Bxb4 Na7 39. Ba3 Bh6+ 40. g5 Bf8 41. Na6 Kd7 42. Nb4 Nb5 43. Nc2 Nc7 44. Bb4 Ne8 45. Be1 Ng7 46. Kd3 Kc6 47. f3 Ne8 48. Kc3 Kb5 49. b3 Ng7 50. Nb4 Nf5 51. Bf2 Ng7 52. Nd3 Nh5 53. Kb2 Ng7 54. Nf4 Kb4 55. Be1+ Kb5 56. Ka3 Kc6 57. Ka4 Kc7 58. Kb5 Kb7 59. b4 Kc7 60. Ka6 Kc6 61. b5+ Kc7 62. Ka7 1-0

[Event "Brighton op"]
[Site "Brighton"]
[Date "2010.11.12"]
[Round "1"]
[White "Healeas, Simon"]
[Black "Staples, Daniel J"]
[Result "1/2-1/2"]
[WhiteElo "1806"]
[BlackElo "1992"]
[PlyCount "31"]
[EventDate "2010.11.12"]
[EventType "swiss"]
[EventRounds "5"]
[EventCountry "ENG"]
[SourceTitle "EXT 2011"]
[Source "ChessBase"]
[SourceDate "2010.11.26"]
[SourceVersion "1"]
[SourceVersionDate "2010.11.26"]
[SourceQuality "1"]

1. d4 d6 2. Nf3 g6 3. e4 Bg7 4. c4 Nd7 5. Be2 e5 6. 0-0 Ne7 7. Nc3 0-0 8. Bg5 f6 9. Be3 Nc6 10. a3 a5 11. Rb1 exd4 12. Nxd4 Nxd4 13. Bxd4 Ne5 14. c5 Nf7 15. Qb3 Kh8 16. Rfd1 1/2-1/2